Hudobná teória /

Hlavní autor: Fišer, Ján, 1896-1963
Jazyk: Slovenština
Vydáno: Bratislava : Slovenské vydavateľstvo krásnej literatúry, 1959
Vydání: 1. vyd.
Fyzický popis: 336 s.
Knihy
Uloženo v:
LEADER 00661nam a22002172a 4500
001 000187793
003 CZ BrMZK
005 20140805083614.0
007 ta
008 950101s1959 xo f 000 0 slo d
040 |a BOA001  |b cze 
100 1 |a Fišer, Ján,  |d 1896-1963  |7 kup19990000027726  |4 aut 
245 1 0 |a Hudobná teória /  |c Ján Fišer 
250 |a 1. vyd. 
260 |a Bratislava :  |b Slovenské vydavateľstvo krásnej literatúry,  |c 1959 
300 |a 336 s. 
504 |a Obsahuje bibliografii 
910 |a BOA001  |b 2-0429.188 
990 |a BK 
991 |b 201407 
996 7 |b 2619941603  |c 2-0429.188  |l MZK  |r Sklad / do 24 hodin  |n 2  |w 000187793  |u 000010  |a 1  |e BOA001  |j MZK50  |s A